Cliquez sur la bonne traduction en allemand - Les signes du zodiaque - Statistiques

Statistiques générales
  • Ce quiz a été pris 68 fois
  • Le résultat moyen est 4 sur 12
Statistiques - réponses
Hint Réponse % Correct
Lion Löwe
85%
Scorpion Skorpion
79%
Poissons Fische
50%
Cancer Krebs
44%
Vierge Jungfrau
32%
Verseau Wassermann
32%
Gémeaux Zwillinge
29%
Taureau Stier
24%
Capricorne Steinbock
18%
Balance Waage
12%
Bélier Widder
9%
Sagittaire Schütze
6%
Aucun quiz correspondant
Distribution des résultats
% des personnes avec chaque résultat
Percentile par nombre de réponses
Votre historique - résultats
Vous n’avez pas pris ce quiz